书目信息 |
| 题名: |
生态系统与人类福祉
|
|
| 作者: | ;国家环境保护总局 组织编译 | |
| 分册: | 生物多样性报告 | |
| 出版信息: | 北京 中国环境科学出版社 2005 |
|
| 页数: | 86页 | |
| 开本: | 30cm | |
| 丛书名: | ||
| 单 册: | ||
| 中图分类: | Q14 , Q16 | |
| 科图分类: | ||
| 主题词: | 生态系统--研究 , 生物多样性--研究 , 生物多样性 , 生态系统 | |
| 电子资源: | ||
| ISBN: | 7-80209-215-9 | |
| 000 | 01119nam0 2200289 450 | |
| 001 | 003011746 | |
| 005 | 20070805170830.03 | |
| 010 | @a7-80209-215-9@dCNY50.00 | |
| 100 | @a20050628d2005 em y0chiy0110 ea | |
| 101 | 1 | @achi@ceng |
| 102 | @aCN@b110000 | |
| 105 | @aab z 000yy | |
| 200 | 1 | @a生态系统与人类福祉@9sheng tai xi tong yu ren lei fu zhi@i生物多样性报告@dEcosystems and human well-being@iBiodiversity synthesis@f国家环境保护总局履行《生物多样性公约》办公室组织编译@zeng |
| 210 | @a北京@c中国环境科学出版社@d2005 | |
| 215 | @a86页@c图,地图@d30cm | |
| 300 | @a千年生态系统评估 | |
| 330 | @a本书以联合国环境规划署等组织评估工作的成果《千年生态系统评估报告》为依据进行翻译,并收录了有关生物多样性的主要问题。 | |
| 510 | 1 | @aEcosystems and human well-being@iBiodiversity synthesis@zeng |
| 606 | 0 | @a生态系统@x研究 |
| 606 | 0 | @a生物多样性@x研究 |
| 606 | 0 | @a生物多样性 |
| 606 | 0 | @a生态系统 |
| 690 | @aQ14@v4 | |
| 690 | @aQ16@v4 | |
| 711 | 02 | @a国家环境保护总局@9guo jia huan jing bao hu zong ju@b履行《生物多样性公约》办公室@4组织编译 |
| 801 | 0 | @aCN@bNLC@c20070805 |
| 905 | @a10447@dQ14@e144 | |
| 生态系统与人类福祉.生物多样性报告=Ecosystems and human well-being.Biodiversity synthesis/国家环境保护总局履行《生物多样性公约》办公室组织编译.-北京:中国环境科学出版社,2005 |
| 86页:图,地图;30cm |
| 千年生态系统评估 |
| ISBN 7-80209-215-9:CNY50.00 |
| 本书以联合国环境规划署等组织评估工作的成果《千年生态系统评估报告》为依据进行翻译,并收录了有关生物多样性的主要问题。 |
| ● |
| 相关链接 |
|
|
|
|
正题名:生态系统与人类福祉
索取号:Q14/144
 
预约/预借
| 序号 | 登录号 | 条形码 | 馆藏地/架位号 | 状态 | 备注 |
| 1 | 0809358 | 208093588 | 第二样本阅览室/ [索取号:Q14/144] | 在馆 | |
| 2 | 0809359 | 208093597 | 第三借阅区/ [索取号:Q14/144] | 在馆 |